Central Library OPAC University of Rajshahi

Retailing: (Record no. 53274)

MARC details
000 -LEADER
fixed length control field 00917nam a2200265 a 4500
001 - CONTROL NUMBER
control field 53274
003 - CONTROL NUMBER IDENTIFIER
rucl marc code BD-RjUL
005 - DATE AND TIME OF LATEST TRANSACTION
control field 20211209075933.0
008 - FIXED-LENGTH DATA ELEMENTS--GENERAL INFORMATION
fixed length control field 161004s1967 ilua b 000 0 eng
035 ## - SYSTEM CONTROL NUMBER
System control number (BD-RjUL)53394
040 ## - CATALOGING SOURCE
Original cataloging agency DLC
Transcribing agency DLC
Modifying agency DLC
-- BD-RjUL
Language of cataloging eng
041 ## - LANGUAGE CODE
Language code of text/sound track or separate title eng
082 00 - DEWEY DECIMAL CLASSIFICATION NUMBER
Classification number 658.87
Author mark and year DUR 1967
100 1# - MAIN ENTRY--PERSONAL NAME
Personal name Duncan, Delbert J.
9 (RLIN) 118025
245 10 - TITLE STATEMENT
Title Retailing:
Remainder of title principles and methods /
Statement of responsibility, etc. [by] Delbert J. Duncan [and] Charles F. Phillips.
250 ## - EDITION STATEMENT
Edition statement 7th ed.
260 ## - PUBLICATION, DISTRIBUTION, ETC. (IMPRINT)
Place of publication, distribution, etc. Homewood, Ill.:
Name of publisher, distributor, etc. R. D. Irwin,
Date of publication, distribution, etc. 1967.
300 ## - PHYSICAL DESCRIPTION
Pagination xvii, 808 p.:
Illustrations illus.;
Size 24 cm.
500 ## - GENERAL NOTE
General note Beginning with 8th ed. (1972) published under title: Modern retailing management: basic concepts and practices.
504 ## - BIBLIOGRAPHY, ETC. NOTE
Bibliography, etc Includes bibliographies.
650 #0 - SUBJECT ADDED ENTRY--TOPICAL TERM
Topical term or geographic name as entry element Retail trade.
9 (RLIN) 159246
700 1# - ADDED ENTRY--PERSONAL NAME
Personal name Phillips, Charles F.
Fuller form of name (Charles Franklin),
Dates associated with a name 1910-1998,
942 ## - ADDED ENTRY ELEMENTS (KOHA)
Source of classification or shelving scheme Dewey Decimal Classification
Koha item type Books
Holdings
Lost status Source of classification or shelving scheme Damaged status Not for loan Collection code Permanent Location Current Location Shelving location Date acquired Source of acquisition Cost, normal purchase price Total Checkouts Full call number Date last seen Copy number Koha item type
  Dewey Decimal Classification     Non-fiction Central Library, University of Rajshahi Central Library, University of Rajshahi   30/03/1970 Zeitlinger 86.00   658.87 DUR 1967 04/10/2016 C-2 Books